|
|
|
|
| LEADER |
02558nam a22004575i 4500 |
| 001 |
978-1-84628-582-0 |
| 003 |
DE-He213 |
| 005 |
20131219101114.0 |
| 007 |
cr nn 008mamaa |
| 008 |
100301s2007 xxk| s |||| 0|eng d |
| 020 |
|
|
|a 9781846285820
|9 978-1-84628-582-0
|
| 024 |
7 |
|
|a 10.1007/978-1-84628-582-0
|2 doi
|
| 040 |
|
|
|d GrThAP
|
| 050 |
|
4 |
|a RG499.2-991
|
| 050 |
|
4 |
|a RG600-650
|
| 072 |
|
7 |
|a MJT
|2 bicssc
|
| 072 |
|
7 |
|a MED033000
|2 bisacsh
|
| 082 |
0 |
4 |
|a 618.2
|2 23
|
| 100 |
1 |
|
|a Nelson-Piercy, Catherine.
|e author.
|
| 245 |
1 |
0 |
|a Obstetric Medicine
|h [electronic resource] :
|b A Problem-Based Approach /
|c by Catherine Nelson-Piercy, Joanna Girling.
|
| 264 |
|
1 |
|a London :
|b Springer London,
|c 2007.
|
| 300 |
|
|
|a XII, 188 p.
|b online resource.
|
| 336 |
|
|
|a text
|b txt
|2 rdacontent
|
| 337 |
|
|
|a computer
|b c
|2 rdamedia
|
| 338 |
|
|
|a online resource
|b cr
|2 rdacarrier
|
| 347 |
|
|
|a text file
|b PDF
|2 rda
|
| 505 |
0 |
|
|a Multiple Choice Questions -- Extended Matching Questions -- Short Answer Questions/Data Interpretation/Clinical Scenarios -- Essay Questions -- Case Studies.
|
| 520 |
|
|
|a Medical problems in pregnancy are responsible for much maternal and fetal morbidity and mortality. This book is a collection of exam questions and case studies which illustrates both common and more unusual problems in obstetric medicine. Using a problem–based approach to both teach and test knowledge, it incorporates many different approaches to obstetric medicine, in Q & A format. The ‘Extended Matched Questions’ section covers the breadth of theoretical knowledge. The ‘Short Answers / Data Interpretation’ section requires a systematic approach to a clinical problem. Most of the case reports are based on real cases and all are accompanied by a brief literature review to further broaden the learning experience. This book is a valuable learning and exam preparation guide which enables trainees and consultants to test themselves using the different methods, as well as read about medical problems in pregnancy they may not yet have encountered.
|
| 650 |
|
0 |
|a Medicine.
|
| 650 |
|
0 |
|a Gynecology.
|
| 650 |
|
0 |
|a Obstetrics.
|
| 650 |
1 |
4 |
|a Medicine & Public Health.
|
| 650 |
2 |
4 |
|a Obstetrics/Perinatology.
|
| 650 |
2 |
4 |
|a Gynecology.
|
| 700 |
1 |
|
|a Girling, Joanna.
|e author.
|
| 710 |
2 |
|
|a SpringerLink (Online service)
|
| 773 |
0 |
|
|t Springer eBooks
|
| 776 |
0 |
8 |
|i Printed edition:
|z 9781846285639
|
| 856 |
4 |
0 |
|u http://dx.doi.org/10.1007/978-1-84628-582-0
|z Full Text via HEAL-Link
|
| 912 |
|
|
|a ZDB-2-SME
|
| 950 |
|
|
|a Medicine (Springer-11650)
|